Normal view
MARC view
- التعليم العالي-إدارة-ضبط جودة
Entry Topical Term
001 - CONTROL NUMBER
- control field: 48523
003 - CONTROL NUMBER IDENTIFIER
- control field: JO-AjAnu
005 - DATE AND TIME OF LATEST TRANSACTION
- control field: 20230606082013.0
008 - FIXED-LENGTH DATA ELEMENTS
- fixed length control field: 230606|| aca||aabn | a|a d
040 ## - CATALOGING SOURCE
- Original cataloging agency: JO-AjAnu
- Transcribing agency: JO-AjAnu
150 ## - HEADING--TOPICAL TERM
- Topical term or geographic name entry element: التعليم العالي-إدارة-ضبط جودة
670 ## - SOURCE DATA FOUND
- Source citation: Work cat.: (JO-AjAnu)24823: جامعة الزرقاء، الأردن, author 48522, المؤتمر العربي الدولي الأول لضمان جودة التعليم العالي=The First International Arab Conference On Quality Assurance In Higher Education IACQA 2011